Music Quiz

Random Music Quiz

#1 Hits ('70-'74) by ANY Word Quiz Stats

Quiz not verified by Sporcle

Challenge
Share
Tweet
Embed
Score 0/122 Timer 07:00
0 Plays Today
Artist Song % Correct
Bee GeesHow Can You Mend a Broken Heart
99.8%
DawnTie a Yellow Ribbon 'Round the Ole Oak Tree
99.7%
The Partridge FamilyI Think I Love You
99.7%
Roberta FlackThe First Time Ever I Saw Your Face
99.7%
Olivia Newton-JohnI Honestly Love You
99.7%
The MiraclesThe Tears of a Clown
99.7%
George HarrisonMy Sweet Lord
99.6%
Eric ClaptonI Shot the Sheriff
99.5%
Carole KingIt's Too Late
99.5%
AmericaA Horse with No Name
99.5%
The Jackson 5I Want You Back
99.5%
The Jackson 5The Love You Save
99.4%
Looking GlassBrandy (You're a Fine Girl)
99.4%
Chuck BerryMy Ding-a-Ling
99.4%
Blue SwedeHooked on a Feeling
99.4%
Bo Donaldson & The HeywoodsBilly Don't Be a Hero
99.4%
Jim CroceTime in a Bottle
99.4%
James TaylorYou've Got a Friend
99.2%
Helen ReddyI Am Woman
99.2%
The TemptationsPapa Was a Rollin' Stone
99.1%
Stevie WonderYou are the Sunshine of My Life
99.1%
Carpenters(They Long to Be) Close to You
99.1%
Sly & The Family StoneThank You (Falletinme Be Mice Elf Agin)
99%
John LennonWhatever Gets You Thru the Night
99%
Billy SwanI Can Help
99%
Johnny NashI Can See Clearly Now
98.9%
Diana RossTouch Me in the Morning
98.9%
George HarrisonGive Me Love (Give Me Peace on Earth)
98.8%
Barry WhiteCan't Get Enough of Your Love, Babe
98.4%
Vicki LawrenceThe Night the Lights Went Out in Georgia
98.3%
Terry JacksSeasons in the Sun
98.2%
Three Dog NightJoy to the World
98.1%
Charlie RichThe Most Beautiful Girl in the World
98.1%
BreadMake it With You
98.1%
Paul McCartney & WingsBand on the Run
98%
The Hues CorporationRock the Boat
97.8%
Harry ChapinCat's In the Cradle
97.8%
Mac DavisBaby, Don't Get Hooked on Me
97.7%
Sammy Davis Jr.The Candy Man
97.6%
The BeatlesThe Long and Winding Road
97.6%
The Staple SingersI'll Take You There
97.4%
Artist Song % Correct
Barbra StreisandThe Way We Were
97.1%
Bachman-Turner OverdriveYou Ain't Seen Nothing Yet
97%
RaidersIndian Reservation (Lament of the Cherokee Reservation Indian)
97%
Bill WithersLean On Me
96.9%
Elton JohnBennie and the Jets
96.9%
MFSBTSOP (The Sound of Philadelphia)
96.8%
Janis JoplinMe and Bobby McGee
96.7%
CarpentersTop of the World
96.7%
Three Dog NightMama Told Me (Not to Come)
96.7%
Don McLeanAmerican Pie
96.6%
Billy PaulMe and Mrs. Jones
96.5%
Paul McCartney & WingsMy Love
96.4%
Paper LaceThe Night Chicago Died
96.4%
The TemptationsJust My Imagination (Running Away With Me)
96.3%
Stevie WonderYou Haven't Done Nothin'
96.2%
BJ ThomasRaindrops Keep Falling on My Head
96.2%
Marvin GayeLet's Get It On
96.1%
Dionne Warwick & SpinnersThen Came You
96.1%
Ray StevensThe Streak
96.1%
NilssonWithout You
96%
The BeatlesLet It Be
95.8%
Roberta FlackKilling Me Softly With his Song
95.8%
The Steve Miller BandThe Joker
95.6%
Maureen McGovernThe Morning After
95.5%
Billy PrestonWill It Go Round in Circles
95.2%
Andy KimRock me Gently
95.1%
Grand FunkWe're An American Band
94.9%
Grand FunkThe Loco-Motion
94.8%
John DenverSunshine on My Shoulders
93.8%
George McCraeRock Your Baby
92.6%
The Guess WhoAmerican Woman
91.9%
Carly SimonYou're So Vain
91.7%
Paul Anka(You're) Having My Baby
91.2%
The O'JaysLove Train
91.1%
Roberta FlackFeel Like Makin' Love
91%
The Jackson 5I'll Be There
89.9%
Eddie KendricksKeep on Truckin'
88.6%
Gladys Knight & The PipsMidnight Train to Georgia
88.5%
CherGypsys, Tramps & Thieves
84.8%
Neil YoungHeart of Gold
84%
Donny OsmondGo Away Little Girl
82.2%
Artist Song % Correct
Three Dog NightBlack and White
81.5%
Al WilsonShow and Tell
78.4%
Diana RossAin't No Mountain High Enough
74.5%
Simon & GarfunkelBridge Over Troubled Water
74.3%
Isaac HayesTheme from 'Shaft'
73.9%
The OsmondsOne Bad Apple
72%
The Jackson 5ABC
69.5%
Elton JohnCrocodile Rock
69.1%
Ray StevensEverything is Beautiful
68.5%
Ringo StarrYou're Sixteen
66.9%
Jim CroceBad, Bad Leroy Brown
66.8%
Neil DiamondSong Sung Blue
64.9%
The Chi-LitesOh Girl
64.2%
Helen ReddyAngie Baby
62.1%
John DenverAnnie's Song
61%
Rod StewartMaggie May
58.6%
Al GreenLet's Stay Together
56.2%
Edwin StarrWar
54.6%
Michael JacksonBen
53.6%
Carl DouglasKung Fu Fighting
53.5%
DawnKnock Three Times
52.4%
Billy PrestonNothing from Nothing
50.9%
Gilbert O'SullivanAlone Again (Naturally)
49%
Stevie WonderSuperstition
48.5%
MelanieBrand New Key
47.5%
The Rolling StonesBrown Sugar
47.1%
The Honey ConeWant Ads
44.4%
The Edgar Winter GroupFrankenstein
44.1%
The Shocking BlueVenus
42.2%
The Rolling StonesAngie
39.8%
Love Unlimited OrcehstraLove's Theme
39.5%
Gordon LightfootSundown
38.5%
Ringo StarrPhotograph
35%
CherHalf-Breed
33.7%
Neil DiamondCracklin' Rosie
32.1%
Sly & The Family StoneFamily Affair
30.2%
CherDark Lady
29.8%
Paul & Linda McCartneyUncle Albert/Admiral Halsey
23.4%
StoriesBrother Louie
22.5%
Helen ReddyDelta Dawn
21%

You're not logged in!

Compare scores with friends on all Sporcle quizzes.
Sign Up with Email
OR
Log In

You Might Also Like...

Show Comments

Extras

Top Quizzes Today


Score Distribution

Your Account Isn't Verified!

In order to create a playlist on Sporcle, you need to verify the email address you used during registration. Go to your Sporcle Settings to finish the process.